000 01001nam a2200265Ia 4500
003 OSt
005 20220923211158.0
006 a|||||r|||| 00| 0
007 ta
008 220922b |||||||| |||| 00| 0 hin d
020 _a8188122440 (hbk)
_c150
024 _a234,352
037 _b426, 04/03/2008, University Book House
_cTextual
040 _aARTS
_cARTS
_bhin
041 _2hin
_ahin
082 _aO15,1A2, 152P7
100 _aवर्मा, राम चन्द्र, शास्त्री, अनु.
_9159208
245 0 _aमहाभारत
246 _ahinābhārata
260 _aनयी दिल्ली
_b भारतीय प्रकाशन संस्थान
_c2007
300 _a320पृ.
_ccm.
650 _aमहाभारत
_9159209
942 _hO15,1A2, 152P7
_cTEXL
_2CC
999 _c296405
_d296405